000 00446nam a2200181Ia 4500
001 1358
005 20260306143722.0
008 260306t2015||||xx |||||||||||||| ||spa||
041 _aESP
082 _a196.1
_bM58 T. 7
100 _aMillán-Puelles, Antonio
_eAUT
245 0 _aObras completas de Antonio Millán Puelles
260 _c2015
300 _a634 páginas :
_c25 cm.
650 _aGEN
654 _aCHU
942 _cLIB
_dJUS
_fJUS
_2ddc
_n
999 _c1358
_d1358